000 00744nam a22002177a 4500
005 20240411093051.0
008 230617b ||||| |||| 00| 0 eng d
020 _q9788184231175
040 _cAL
041 _amal
082 _223
_a894.8123
_bBENA
100 _aBenyamin ബെന്യാമിൻ
_9159518
245 _aAadujeevitham
_bആടുജീവിതം
260 _aThrissur
_bGreen Books Pvt Ltd
_c2008
300 _a232p.
_bPB
_c21x14cm.
365 _2Malayalam
_b150.00
_c
_d150.00
650 _aMalayalam Novel: മലയാളം നോവൽ
_9124224
650 _aMalayalam Fiction: മലയാളം ഫിക്ഷൻ
_9124225
700 _aBENYAMIN: ബെന്യാമിൻ
_9124226
942 _2ddc
_cDB
999 _c227561
_d227561